| 000 | 00576nam a2200205Ia 4500 | ||
|---|---|---|---|
| 003 | OSt | ||
| 005 | 20140324134724.0 | ||
| 008 | 140130s9999 xx 000 0 und d | ||
| 020 | _a0439798345 | ||
| 050 |
_aREF 423 _bL663 2006 |
||
| 100 | _aLevey, Judith | ||
| 245 |
_cJudith Levey _aScholastic First Dictionary / |
||
| 260 |
_bScholastic, _c2006. _aNew York : |
||
| 300 |
_a224 p. : _bill. (some col.) ; _c26 cm. |
||
| 440 | _v1 | ||
| 650 |
_aEnglish language _vDictionaries _vJuvenile. |
||
| 650 |
_aEnglish language _vDictionaries. |
||
| 942 |
_cBK _2lcc |
||
| 999 |
_c41868 _d41868 |
||